all teams to reach a champions league final - Statistics

General Stats
  • This quiz has been taken 33 times
  • The average score is 19 of 21
Answer Stats
most recent final Answer % Correct
2015 Barcelona
100%
2021 chelsea
100%
2017 juventus
100%
2022 liverpool
100%
2021 man city
100%
2022 Real Madrid
100%
2020 bayern
96%
2011 man u
96%
2020 psg
96%
2007 ac milan
92%
1995 ajax
92%
2006 arsenal
92%
2010 inter milan
92%
2013 dortmund
88%
2004 porto
88%
1993 Marseille
81%
2000 valencia
77%
2019 spurs
73%
2002 leverkusen
69%
2016 athletico
58%
2004 monaco
58%
No matching quizzes found
Score Distribution
Percent of People with Each Score
Percentile by Number Answered
Your Score History
You have not taken this quiz